DMSO metylácie heteroaromátov bakalárska práca

Gespeichert in:
Bibliographische Detailangaben
1. Verfasser: Dráb, Ľuboš
Format: Buch
Sprache:Slowakisch
Veröffentlicht: Bratislava STU FCHPT 2019
Online-Zugang:Im OPAC anzeigen
Tags: Tag hinzufügen
Keine Tags, Fügen Sie das erste Tag hinzu!

MARC

LEADER 00000nam a2200000 a 4500
005 20260127134158.0
008 191008 2019 xo a 001 0 slo d
035 |a vtls011892160 
039 9 |y 201910081221  |z mschk03 
040 |a STUSCHK1  |b slo  |c STUSCHK1  |e AACR2 
100 1 |a Dráb, Ľuboš 
245 1 |a DMSO metylácie heteroaromátov  |b bakalárska práca  |c Ľuboš Dráb 
260 |a Bratislava  |b STU FCHPT  |c 2019 
300 |a 44 s.  |b Tab., obr.  |c 25 cm 
500 |a Študijný program: chémia, medicínska chémia a chemické materiály 
500 |a Študijný odbor: chemické technológie, chémia 
500 |a Školiace pracovisko: Oddelenie organickej chémie 
500 |a Evid. číslo: FCHPT-13569-86685 
910 |a SCHK95 
999 |c 5977  |d 5977